NRL Stadiums - Statistics

General Stats
  • This quiz has been taken 80 times
  • The average score is 6 of 15
Answer Stats
Hints Answer % Correct
Broncos Suncorp Stadium
95%
Storm AAMI Park
77%
Bulldogs, Rabbitohs Accor Stadium
70%
Titans Cbus Super Stadium
52%
Raiders GIO Stadium
48%
Panthers BlueBet Stadium
41%
Knights McDonald Jones Stadium
39%
Sea-Eagles 4 Pines Park/Brookvale
38%
Warriors Mt Smart Stadium
31%
Cowboys Queensland Country Bank Stadium
28%
Roosters SCG
26%
Sharks Pointsbet Stadium
25%
Dragons Jubilee Stadium
11%
Tigers Liechhardt Oval
7%
Eels Commbnk Stadium
2%
No matching quizzes found
Score Distribution
Percent of People with Each Score
Percentile by Number Answered
Your Score History
You have not taken this quiz